| 000 | 01335cam a22003617a 4500 | ||
|---|---|---|---|
| 003 | CHAP | ||
| 005 | 20220817043421.0 | ||
| 008 | 980310d1996 mx ab r 00010 spa d | ||
| 010 | _a74870 | ||
| 011 | _a75842 | ||
| 035 | _a85413 | ||
| 040 | _cCHAP | ||
| 090 | _aFolleto 14999 | ||
| 110 | 2 |
_aFideicomisos Instituídos en Relación con la Agricultura. México _940733 |
|
| 245 | 1 | 0 |
_aLabranza de conservación para una agricultura sustentable : _bexperiencias y logros de FIRA _c/por Fideicomisos Instituídos en Relación con la Agricultura |
| 260 |
_aMorelia, Mich. : _bFideicomisos Instituídos en Relación con la Agricultura, _c1996 |
||
| 300 |
_a28 p. : _bilus. ; gráfs. |
||
| 410 | _aFIRA | ||
| 490 | 0 |
_aBoletin informativo _v; XXIX (281) |
|
| 590 |
_aBATCH-UPD _b10 _c20130110 _lUCH01 _h1007 |
||
| 590 |
_aBATCH-UPD _b10 _c20130410 _lUCH01 _h0617 |
||
| 590 |
_aBATCH-UPD _b10 _c20130913 _lUCH01 _h2219 |
||
| 590 |
_aCONVERSION _b10 _c20130109 _lUCH01 _h1341 |
||
| 650 | 1 | 4 | _aAgricultura sustentable. |
| 650 | 1 | 4 |
_aLabranza de conservación. _964308 |
| 810 |
_aFIRA _941029 |
||
| 830 | 0 |
_aBoletin informativo _v; XXIX (281) |
|
| 901 | _aBK | ||
| 905 | _aAlejandra Carrasco M. | ||
| 942 | _cFOLL | ||
| 949 |
_aFolleto 14999 _bBC _cFOLL _d854131 _eTS1 _i85413 _sb |
||
| 949 |
_aFolleto 14999 _bBC _cFOLL _d854132 _eTS2 _fc.2 _i85413 _si |
||
| 999 |
_c74870 _d74870 |
||